Cien años de soledad.

Zapisane w:
Opis bibliograficzny
1. autor: García Márquez, Gabriel, 1927-2014 (autor)
Format: Książka
Język:hiszpański
Wydane: Buenos Aires, Argentina: Sudamericana, 2005.
Wydanie:Centésimo vigésimo octava edición.
Hasła przedmiotowe:
Etykiety: Dodaj etykietę
Nie ma etykietki, Dołącz pierwszą etykiete!

MARC

LEADER 00000nam a22000007a 4500
003 CL-VaPUC
005 20241216170345.0
008 241211t2005 ||||| |||| 00| 0 spa d
999 |c 446266  |d 446264 
020 |a 950-07-2609-2X 
040 |c Pontificia Universidad Católica de Valparaíso 
082 |2 22  |a Co863 GAR 2005 
100 |9 879567  |a García Márquez, Gabriel,  |d 1927-2014  |e autor 
245 |a Cien años de soledad. 
250 |a Centésimo vigésimo octava edición. 
260 |a Buenos Aires, Argentina:  |b Sudamericana,  |c 2005. 
300 |a 494 páginas. 
500 |a c.1: Donación ELE. 9-09-2024. 
583 |c 20241211  |k Yessy Sthefany Diaz Vidal 
650 0 |9 266734  |a Novelas colombianas  |x Realismo mágico  |y Siglo 20 
650 0 |9 894760  |a Colombian literature  |x Magical realism  |y 20th century 
942 |2 ddc  |c BK 
952 |0 0  |1 0  |2 ddc  |4 0  |6 CO_863_000000000000000_GAR_2005  |7 0  |8 A  |9 598610  |a BIBGIM  |b BIBGIM  |d 2024-12-11  |e Donación  |i 5663586  |o Co863 GAR 2005  |p 5663586  |r 2025-01-15  |t 1  |w 2024-12-11  |y BK  |k ELE